Statistics for "Friends" Analogies

Click here to take the quiz!

General Stats

  • This quiz has been taken 816 times
  • The average score is 11 of 19

Answer Stats

HintAnswer% Correct
Emma is to Rachel as Ben is to _____Carol
90%
Masseuse is to Phoebe as ____ is to MonicaChef
90%
Buffay is to Phoebe as ____ is to ChandlerBing
88%
Paleontologist is to Ross as _____ is to JoeyActor
86%
"How you doin'?" is to Joey as "Oh... my... God!" is to ______Janice
83%
Monica is to making a mess as ____ is to sharing foodJoey
82%
Fat is to Monica as homeless is to ______Phoebe
82%
Jill is to Rachel as Monica is to ____Ross
81%
Emily is to England as Paolo is to ______Italy
80%
Princess Consuela Banana-Hammok is to Phoebe as Crap Bag is to ____Mike
79%
Duck is to Joey as ______ is to RossMonkey
69%
Cheating is to Rachel as _____ is to RossBreak
57%
Central Park is to sofa as Joey's apartment is to _____Chair
41%
"Please hire me" is to sweater as "Don't you want to rent me this apartment?" is to _____Pants
33%
Phoebe is to twin as Frank Jr. is to _______Triplet
26%
Smelly is to cat as sleepy is to ____Girl
23%
Stripper is to Phoebe as ______ is to ChandlerHooker
15%
Women are to Joey as _____ are to RossWives
15%
Soap Opera Digest is to Joey as _______ is to ChandlerPlayboy
8%

Score Distribution

Percentile by Number Answered

Percent of People with Each Score

Your Score History

You have not taken this quiz